000 00575nam a2200217Ia 4500
005 20241129120315.0
008 241129s9999||||xx |||||||||||||| ||und||
020 _a9788126728695
037 _aTB
040 _aSDCL
_beng
_cSDCL
041 _ahin
_2hin
084 _a4342 Q5
_qSDCL
100 _aKashyap Shyam; Kumar Mukesh
_9729622
245 0 _aTV anchoring : Chainalon Ke Chehre
260 _aNew Delhi
_bRajkamal Prakashan
_c2015
300 _a243p.
365 _aINR
_b550
650 _aHindi
942 _cTB
_h4342 Q5
999 _c1234260
_d1234260